Nastal čas změny aneb jak outsourcovat Core Banking System
Štruktúra centrálneho bankového systému (Core banking system). Staré bankové systémy nevyhovujú súčasným požiadavkám, banky prechádzajú k balíčkovým produktom. Problémom je zaistenie úspechu migrácie. Jednou z variant prechodu je outsourcing Core banking system (CBS). Obdobie zásadných produktových...
Salvato in:
| Autore principale: | |
|---|---|
| Natura: | Capitolo di libro |
| Lingua: | ceco |
| Soggetti: | |
| Tags: |
Nessun Tag, puoi essere il primo ad aggiungerne!!
|
MARC
| LEADER | 00000naa$a2200000$$$4500 | ||
|---|---|---|---|
| 001 | 0024634 | ||
| 005 | 20231010083419.3 | ||
| 041 | 0 | |a cze | |
| 044 | |a CZ | ||
| 245 | 1 | 0 | |a Nastal čas změny aneb jak outsourcovat Core Banking System |c Pavel Juřík |
| 520 | |a Štruktúra centrálneho bankového systému (Core banking system). Staré bankové systémy nevyhovujú súčasným požiadavkám, banky prechádzajú k balíčkovým produktom. Problémom je zaistenie úspechu migrácie. Jednou z variant prechodu je outsourcing Core banking system (CBS). Obdobie zásadných produktových zmien a distribučných stratégií. Rozhodovanie bánk o zmene svojich bankových systémov. Príklady implementácie moderných bankových systémov. Využitie nových technológií v bankovníctve. | ||
| 610 | 2 | 0 | |a produkty |
| 610 | 2 | 0 | |a banky |
| 610 | 2 | 0 | |a banky obchodné |
| 610 | 2 | 0 | |a zmeny štruktúrne |
| 610 | 2 | 0 | |a technológie nové |
| 610 | 2 | 0 | |a bankovníctvo |
| 610 | 2 | 0 | |a outsourcing |
| 100 | 1 | |a Juřík, Pavel | |